000 00481nam a2200157Ia 4500
008 240729s9999 xx 000 0 und d
022 _a2090-0864
245 0 _aEgyptian Academic Journal of Biological Sciences. F, Toxicology and Pest Control
260 _aEgypt
260 _bEgyptian Society of Biological Sciences
650 _a Biology (General)
650 _aScience
856 _uhttps://doaj.org/toc/fb8b7e1d60f84b468ea4155cc76c544c
942 _2ddc
942 _cDOAJEJ
999 _c67876
_d67876
945 _a1
_bMadushi Gamage
_c1
_dMadushi Gamage